Mẫu chữ đẹp T.2

Wedi'i Gadw mewn:
Manylion Llyfryddiaeth
Prif Awdur: Hoàng Văn Cang
Fformat: Llyfr
Cyhoeddwyd: Thanh Hóa Nxb Thanh Hóa 1999
Pynciau:
Tagiau: Ychwanegu Tag
Dim Tagiau, Byddwch y cyntaf i dagio'r cofnod hwn!
Thư viện lưu trữ: Trung tâm Học liệu Lê Vũ Hùng, Trường Đại học Đồng Tháp
LEADER 00709pam a22002418a 4500
001 00024352
005 20171026081023.0
008 110717s1999 ||||||Viesd
020 |c 14000 
041 0 # |a Vie 
082 1 4 |a 745.6  |b M125CH 
100 0 # |a Hoàng Văn Cang 
245 0 0 |a Mẫu chữ đẹp  |c Hoàng Văn Cang  |n T.2 
260 # # |a Thanh Hóa  |b Nxb Thanh Hóa  |c 1999 
300 # # |b Ảnh màu  |c 21 cm. 
650 # 4 |a Mẫu chữ 
650 # 4 |a Nghệ thuật 
852 # # |b Kho mượn  |j KD.0001495 
852 # # |b Kho đọc  |j KD.0001495 
852 # # |j KD.0001495 
910 0 # |d 17/07/2011 
980 # # |a Trung tâm Học liệu Lê Vũ Hùng, Trường Đại học Đồng Tháp